000 00476nam a2200193Ia 4500
001 14801
003 GE_BSU
008 181216s||||||||xx |||||||||||||| ||und||
040 _cGE_BSU
080 _a517(075.8)
100 _aАтанасьян,Л.С. Буревич,Г.Б.
245 _aГеометрия Ч.2
260 _aМосква
260 _bПросвещение
260 _c1976
300 _a445стр.22см.
653 _aГеометрия
942 _cBK
999 _c47924
_d47924